| 000 | 00497nam a22001697a 4500 | ||
|---|---|---|---|
| 008 | 230328b |||||||| |||| 00| 0 eng d | ||
| 020 | _a0079132871 | ||
| 040 |
_aNational Science Library _cNational Science Library |
||
| 080 |
_aD 681.324 _bN8 |
||
| 100 |
_aPabrai, Uday O _95579 |
||
| 245 | _aWebmaster administrator certificate exam guide | ||
| 260 |
_aNew York: _bMcGraw-Hill, _c1998 |
||
| 300 | _axxv, 865p. | ||
| 650 | _aComputer science | ||
| 700 | _aGurbani, Vijay K | ||
| 942 |
_2udc _cBK |
||
| 999 |
_c16026 _d16026 |
||